1536 1048 1371 1022 1102 1874 1262 1668 1719 1269 1685 1334 1811 1864 1176 1618 1236 1146 1384 1613 1296 1165 1715 1373 1516 1026 1707 1428 1856 1832 1751 1745 1115 1594 1060 1986 1695 1916 1984 1844 1933 1701 1230 1156 1420 1117 1438 1157 1753 1051 1959 1170 1187 1062 1376 1671 1776 1948 1501 1091 1093 1091 1070 1083 1001 1636 1171 1614 1893 1530 1582 1578 1573 1363 1630 1995 1663 1254 1335 1556 1472 1297 1999 1002 1587 1160 1734 1527 1264 1380 1344 1617 1461 1740 1208 1133 1488 1324 1341 BCNSPRNW ULIB Ver.6.0+V

เปลี่ยนเป็นภาษาไทย

Change to English
 แสดงรายละเอียดบรรณานุกรม
  กลับหน้าหลัก

Brief Record : Get Marc (ISO 2709) : E-mail record : QR code < ปิดหน้าต่าง
LEADER : 00000nam 2200000uu 4500
001    13399123215
003     ULIB
008    020711s2551 th a 000 0 tha d
020    9789744263377
090    นว.^bภ682ข ล.1
100    ภูระริน จุปะมะตัง
245    ขอให้ฉันอยู่กับเธอตลอดไป เล่ม1/^cภูระริน จุปะมะตัง
250    พิมพ์ครั้งที่ 1
260    กรุงเทพฯ :^bเลมอน กรีน,^c2551
300    330 หน้า;^b21 ซม.
500     มี 2 เล่ม
710    เลมอน กรีน
945    ^p199^l0^i20351
999    ^aทศพร เกษรทอง
รายการนี้ยังไม่มีแท็ก
คุณยังไม่ได้ล็อกอิน คุณสามารถมีกิจกรรมร่วมกับเว็บไซต์ได้ แต่ต้องล็อกอินก่อน ::
  ล็อกอิน

รายการสื่อสารสนเทศ

ลำดับที่ ประเภท เลขเรียก/บาร์โค้ด สถานที่ สถานะ
1. นวนิยาย
นวนิยาย
นว. ภ682ข ล.1 ฉ.1 
  Barcode: 20351
ห้องสมุดวิทยาเขตนครสวรรค์
►นวนิยาย:l:Fiction
บนชั้น
Note: มี 2 เล่ม

รายการใกล้เคียง
    ผู้แต่ง [ภูระริน จุปะมะตัง]

BibComment


ยังไม่เคยถูกคอมเมนท์

คอมเมนท์ทรัพยากรรายการนี้
  คอมเมนท์: ขอให้ฉันอยู่กับเธ..


 Copyright 2026. Bcnsprnw @Library